| 000 | 00497nam a2200169Ia 4500 | ||
|---|---|---|---|
| 008 | 180921t2020 xxu||||| |||| 00| 1 sin d | ||
| 041 | _asin | ||
| 080 |
_aX8සි31 _bදිසානා |
||
| 100 | _aදිසානායක, ශාන්ති | ||
| 245 | _aඑරන් ළන්දු | ||
| 246 | _aEran landu | ||
| 260 |
_bසරසවි _aනුගේගොඩ _c2020 |
||
| 300 | _aපි.500, සෙ.මි.21 | ||
| 942 | _cBK | ||
| 999 |
_c9084 _d9084 |
||
| 003 | LK-CoDNM | ||
| 040 |
_aLK-CoDNM _dLK-CoDNM _eLK-CoDNM |
||